|
|
|
|
| LEADER |
00000nam a2200000 a 4500 |
| 001 |
vtls001262076 |
| 003 |
SK-MaSNL |
| 005 |
20260301234522.0 |
| 008 |
251113s1964 xr a 0 cze |
| 035 |
|
|
|a SNK000212959
|
| 040 |
|
|
|a SNK
|b slo
|c SNK
|e AACR2
|
| 044 |
|
|
|a CZ
|
| 080 |
|
|
|a 614.88
|2 2001
|
| 080 |
|
|
|a 616-083.98
|2 2001
|
| 100 |
1 |
|
|a Beneš, Antonín,
|d 1916-1981
|4 aut
|9 254695
|
| 245 |
1 |
|
|a První lékařská pomoc v soudobé válce
|c Antonín Beneš, Jaroslav Lichtenberg
|
| 250 |
|
|
|a 2. přeprac. vyd.
|
| 260 |
|
|
|a Praha
|b Naše vojsko
|c 1964
|
| 300 |
|
|
|a 171 s.
|c 8°
|
| 490 |
1 |
|
|a Vojenskozdravotnická knihovna
|v sv. 17
|
| 650 |
0 |
7 |
|a prvá pomoc
|2 SNKPH
|9 1520
|
| 700 |
1 |
|
|a Lichtenberg, Jaroslav
|4 aut
|9 518796
|
| 830 |
|
0 |
|a Vojenskozdravotnická knihovna
|9 416044
|
| 852 |
|
|
|a Štátna vedecká knižnica v Banskej Bystrici
|
| 958 |
|
|
|a OND
|
| 999 |
|
|
|c 970367
|d 972297
|
| 952 |
|
|
|t P60, <04>, [BOOK], {604}
|a SNK
|b SNK
|y VYP
|7 0
|o snkIC 35568 D1
|i snkKIP 3434/64
|0 0
|1 0
|4 0
|d 1996-09-26
|l 0
|r 2005-01-01 00:00:00
|w 2026-02-24
|
| 952 |
|
|
|t P60, <04>, [BOOK], {604}
|a SNK
|b SNK
|y VYP
|7 0
|p 17A0129941
|o snkIC 35568
|i snkKIP 3433/64
|0 0
|1 0
|4 0
|d 1996-09-26
|l 0
|r 2005-01-01 00:00:00
|w 2026-02-24
|